| 000 | 00940nas a2200289 4500 | ||
|---|---|---|---|
| 001 | BR2014005315 | ||
| 003 | BR-BrBNA | ||
| 005 | 20231205124421.0 | ||
| 007 | ta | ||
| 008 | 230509b bl.|||p| |||| 00| 00por d | ||
| 040 |
_aBR-BrBNA _bpor _cBiblioteca Nacional de Agricultura |
||
| 041 | _a(Pt) | ||
| 072 | _aP33; F02 | ||
| 100 | 1 | _aFernandes, J.C. | |
| 100 | 1 | _aRodrigues, J.G.L. | |
| 100 | 1 | _aGamero, C.A. | |
| 100 | 1 | _aLanças, K.P. | |
| 100 | 1 | _aBenez, S.H. | |
| 245 | 1 | _aResistência do solo à penetração em diferentes sistemas de manejo e velocidades de semeadura no desenvolvimento de um cultivar de triticale | |
| 650 | _aCOMPACTAÇÃO DO SOLO | ||
| 650 | _aESCARIFICADOR | ||
| 650 | _aPLANTIO DIRETO | ||
| 650 | _aPRODUTIVIDADE | ||
| 773 | 0 |
_tEnergia na Agricultura (Brazil) _xISSN 1808-8759 _g(Oct-Dec 2007), V. 22(4) p. 55-64 _wBR2014005315 |
|
| 909 |
_a202311 _bLúcia _c55 _dLúcia Elande |
||
| 942 |
_2AGRIS _n0 _cANA |
||
| 999 |
_c238963 _d238963 |
||